The Shawshank Redemption Characters - Statistics

General Stats
  • This quiz has been taken 64 times
  • The average score is 4 of 16
Answer Stats
Hint Character % Correct
Protagonist Andy Dufresne
85%
Narrator Ellis Boyd Redding
67%
Prison Warden Warden Norton
62%
Head of Security at the prison Captain Hadley
51%
Part of Ellis' gang Heywood
40%
Prison inmate Floyd
25%
Leader of the 'evil' gang Bogs Diamond
22%
Part of Ellis' gang Brooks Hatlen
20%
Part of Ellis' gang Tommy
20%
Prison inmate Skeet
15%
Prison inmate Jigger
7%
Had an affair with protagonist's wife Glenn Quentin
5%
Guard of the Head of Security Guard Mert
4%
Guard of the Head of Security Guard Trout
4%
Prison inmate Ernie
0%
Prison inmate Snooze
0%
No matching quizzes found
Score Distribution
Percent of People with Each Score
Percentile by Number Answered
Your Score History
You have not taken this quiz